000 00613nam a2200169 i 4500
001 22986
003 ES-MaACL
005 20230906152807.0
007 t|
008 021205s1933 sp ||||1| spa d
100 1 _aAlvarez de Toledo y Valero, Ramón.
_920787
245 1 3 _aUna intoxicación colectiva por Acetato de Protoxido de Talio (Acetato Neuro Talio) /
_cRamón Alvarez de Toledo y Valero.
260 _aValencia :
_b[s.n.,
_c1933] (
_fImp. La Semana Gráfica)
300 _aP. 557-611 ;
_c24 cm.
500 _aPrecede al tít.: Publicaciones de Crónica Médica.
852 _aES-MaACL
_j1831-F-1
_bR.18209
999 _c22986
_d22986